| 000 | 01088 a2200205 4500 | ||
|---|---|---|---|
| 001 | 55361 | ||
| 005 | 20260407155827.0 | ||
| 008 | 260407a1973 arg spa d | ||
| 003 | AR-UNSa-BCEJYS | ||
| 040 |
_aAR-UNSa-BCEJYS _bspa _cAR-UNSa-BCEJYS |
||
| 080 |
_a330.34 _xDesarrollo Económico |
||
| 245 | 1 | 0 | _aLa estrategia del desarrollo indirecto |
| 264 | 1 |
_aBuenos Aires : _bPaidós _c1973 |
|
| 300 |
_a212 p. _c23 cm. |
||
| 505 | _a1. Genésis y justificación - 2. La estrategia del desarrollo indirecto - 3. El sector agropecuario. El desarrollo económico de los espacios abiertos - 4. El sector trabajo. Eficiencia y ocupación - 5. La asignación del capital: La estrategia industrial - 6. Comercio e inversiones extranjeras - 7. Desarrollo tecnológico, organización y capacidad de decisión - 8. La manipulación de la demanda: Marcas y propaganda - 9. Criterios teóricos de la nueva planificación - 10. La planificación en el mundo real - 11. A manera de resumen | ||
| 041 | _aspa | ||
| 942 | _cBK | ||
| 590 | _aniveau_biblio:m niveau_hierar:0 | ||
| 100 | 1 | _aDi Tella, Guido | |
| 999 |
_c5923 _d5923 |
||